Normal view
MARC view
- NLS2024, NLSETEXTBOOK, NLSEBOOKBANK, ISLAMIC JURISPRUDENCE
Entry Topical Term
001 - CONTROL NUMBER
- control field: 126924
003 - CONTROL NUMBER IDENTIFIER
- control field: NUST
005 - DATE AND TIME OF LATEST TRANSACTION
- control field: 20241114113215.0
008 - FIXED-LENGTH DATA ELEMENTS
- fixed length control field: 241114|| aca||aabn | a|a d
040 ## - CATALOGING SOURCE
- Original cataloging agency: NUST
- Transcribing agency: NUST
150 ## - HEADING--TOPICAL TERM
- Topical term or geographic name entry element: NLS2024, NLSETEXTBOOK, NLSEBOOKBANK, ISLAMIC JURISPRUDENCE
670 ## - SOURCE DATA FOUND
- Source citation: Work cat.: (NUST)586931: Nyazee, Imran Ahsan Khan, Theories of Islamic Law:, 2007.
